Estadísticas para Plantilla Athletic Club Femenino 2023/24

Haz click aquí para intentar la prueba.

Estadísticas generales

  • Esta prueba ha sido intentada 5 veces
  • La puntuación promedio es 15 de 25

Estadísticas de respuestas

DorsalPosiciónJugadora% Correcto
7DELNahikari García
100%
13PORAdriana Nanclares
67%
11DELAne Azkona
67%
20DEFAne Elexpuru
67%
21DEFBibi Schulze-Solano
67%
15MEDClara Pinedo
67%
12DEFGara Fácila
67%
4DEFGarazi Murua
67%
6MEDIrene Oguiza
67%
18MEDItxaso Uriarte
67%
31DELJone Amezaga
67%
2DEFMaddi Torre
67%
16MEDMaite Zubieta
67%
1PORMariasun Quiñones
67%
24DELMarta Sanadri
67%
3DEFNaia Landaluze
67%
17DEFNerea Nevado
67%
27DELSara Ortega
67%
14DEFEunate Arraiza
33%
19MEDMariana Cerro
33%
8MEDMarta Unzué
33%
23DELPatricia Zugasti
33%
10DELPaula Arana
33%
22DELPeke Barea
33%
9DELYulema Corres
33%

Distribución de puntuación

Porcentaje por número respondido

Porcentaje de gente con cada puntuación

Historial de tus puntuaciones

No has intentado esta prueba.